| 000 | 00575nam a2200229Ia 4500 | ||
|---|---|---|---|
| 003 | 0100 | ||
| 008 | 130303s9999 xx 000 0 und d | ||
| 040 | _cARRUPELIB | ||
| 050 | _aJA73.L31958 | ||
| 100 | _aLasswell, Harold Dwight | ||
| 245 | _aPolitics | ||
| 245 | _bwho gets what, when how.With postscript (1958) | ||
| 260 | _aNew York | ||
| 260 | _bMeridian Books | ||
| 260 | _C1958 | ||
| 300 | _a222 p. | ||
| 300 | _b 19 cm | ||
| 440 | _aMeridian books, M58 | ||
| 650 | _bShona (African people)--Religion | ||
| 700 | _aHarold Dwight Lasswell | ||
| 942 | 0 | 0 | _02 |
| 999 |
_c49297 _d49297 |
||